Financial Analysis with Microsoft Excel 2013 (7e) (Record no. 37058)

MARC details
000 -LEADER
fixed length control field 00309nam a22001217a 4500
005 - DATE AND TIME OF LATEST TRANSACTION
control field 20250821100004.0
008 - FIXED-LENGTH DATA ELEMENTS--GENERAL INFORMATION
fixed length control field 250821b |||||||| |||| 00| 0 eng d
082 ## - DEWEY DECIMAL CLASSIFICATION NUMBER
Classification number 005
Item number MAY-F
100 ## - MAIN ENTRY--AUTHOR
Author Name Mayes
245 ## - TITLE STATEMENT
Title Financial Analysis with Microsoft Excel 2013 (7e)
650 ## - SUBJECT ADDED ENTRY--TOPICAL TERM
Subject / Department Computer Science & IT
952 ## - LOCATION AND ITEM INFORMATION (KOHA)
-- 0
-- 0
Holdings
Lost status Damaged status Permanent Location Current Location Shelving Location Date acquired Full Call Number Accession No./Barcode Date last seen item type Koha item type
    Superior Information Resource Center (SIRC) Superior University - UAE Campus Superior Information Resource Center (SIRC) Superior University - UAE Campus Computer Science & IT 08/21/2025 005 MAY-F 40038 08/21/2025 BOOK BOOK

Powered by Koha